000 00409nam a2200157 i 4500
001 30527
003 ES-MaACL
005 20230906154217.0
007 t|
008 030124s1978 sp ||||1| spa d
100 1 _aBeltrán, Lucas.
_927346
245 1 0 _aEconomía y libertad /
_cLucas Beltrán.
260 _aMadrid :
_bTecnos,
_c[1978]
300 _a164 p. ;
_c20 cm.
852 _aES-MaACL
_jA-8517
_bR.97554
999 _c30527
_d30527